A dictionary of nursing / (Record no. 18894)
[ view plain ]
| 000 -LEADER | |
|---|---|
| fixed length control field | 00940pam a2200277 i 4500 |
| 001 - CONTROL NUMBER | |
| control field | 016525181 |
| 003 - CONTROL NUMBER IDENTIFIER | |
| control field | OSt |
| 005 - DATE AND TIME OF LATEST TRANSACTION | |
| control field | 20171213155121.0 |
| 008 - FIXED-LENGTH DATA ELEMENTS--GENERAL INFORMATION | |
| fixed length control field | 130906s2014 xxkae frd f000 0 eng d |
| 020 ## - INTERNATIONAL STANDARD BOOK NUMBER | |
| International Standard Book Number | 9780199666379 (pbk.) |
| 040 ## - CATALOGING SOURCE | |
| Original cataloging agency | StDuBDS |
| Language of cataloging | eng |
| Transcribing agency | StDuBDS |
| Modifying agency | IeDuTC |
| -- | Uk |
| -- | EG-ScBUE |
| 082 00 - DEWEY DECIMAL CLASSIFICATION NUMBER | |
| Classification number | 610.7303 |
| Edition number | 22 |
| Item number | DIC |
| 245 02 - TITLE STATEMENT | |
| Title | A dictionary of nursing / |
| Statement of responsibility, etc | consultant Tanya A. McFerran ; editor Elizabeth A. Martin. |
| 246 34 - VARYING FORM OF TITLE | |
| Title proper/short title | Oxford dictionary of nursing |
| 250 ## - EDITION STATEMENT | |
| Edition statement | 6th ed. |
| 260 ## - PUBLICATION, DISTRIBUTION, ETC. (IMPRINT) | |
| Place of publication, distribution, etc | Oxford, United Kingdom : |
| Name of publisher, distributor, etc | Oxford University Press, |
| Date of publication, distribution, etc | 2014. |
| 300 ## - PHYSICAL DESCRIPTION | |
| Extent | vii, 632 p. : |
| Other physical details | plans, tables ; |
| Dimensions | 20 cm. |
| 490 0# - Series Statement | |
| Series statement | Oxford paperback reference |
| 500 ## - GENERAL NOTE | |
| General note | Previous edition : 2008. |
| 650 #7 - SUBJECT ADDED ENTRY--TOPICAL TERM | |
| Topical term or geographic name as entry element | Nursing |
| Form subdivision | Dictionaries |
| Source of heading or term | BUEsh |
| 9 (RLIN) | 9403 |
| 651 ## - SUBJECT ADDED ENTRY--GEOGRAPHIC NAME | |
| Source of heading or term | BUEsh |
| 653 ## - INDEX TERM--UNCONTROLLED | |
| Resource For college | Nursing |
| Arrived date list | January2015 |
| 700 1# - ADDED ENTRY--PERSONAL NAME | |
| Personal name | McFerran, Tanya A. |
| Relator term | contributor. |
| 9 (RLIN) | 37207 |
| 700 1# - ADDED ENTRY--PERSONAL NAME | |
| Personal name | Martin, Elizabeth A. |
| Relator term | editor. |
| 9 (RLIN) | 37208 |
| 942 ## - ADDED ENTRY ELEMENTS (KOHA) | |
| Source of classification or shelving scheme | Dewey Decimal Classification |
| Call number prefix | 610.7303 DIC |
| Withdrawn status | Item status | Source of classification or shelving scheme | Damaged status | Not for loan | Vendor | Home library | Current library | Shelving location | Date acquired | Source of acquisition | Cost, normal purchase price | Serial Enumeration / chronology | Total Checkouts | Full call number | Barcode | Date last seen | Date last borrowed | Cost, replacement price | Koha item type |
|---|---|---|---|---|---|---|---|---|---|---|---|---|---|---|---|---|---|---|---|
| Dewey Decimal Classification | Baccah | Central Library | Central Library | First floor | 18/01/2015 | Purchase | 109.00 | 21291 | 1 | 610.7303 DIC | 000037317 | 01/12/2025 | 24/10/2017 | 136.00 | Reference (NB) |